Trouve les rappeurs Français #3 - Statistiques

Statistiques générales
  • Ce quiz a été pris 255 fois
  • Le résultat moyen est 12 sur 16
Statistiques - réponses
Par images Réponse % Correct
Damso
99%
Kaaris
98%
Koba LaD
97%
Gazo
95%
Hamza
94%
SDM
85%
Kalash
84%
Favé
80%
Maes
77%
Leto
75%
Kerchak
73%
Laylow
69%
Seth Gueko
61%
Josman
50%
Luther
16%
Gambino la mg
6%
Aucun quiz correspondant
Distribution des résultats
% des personnes avec chaque résultat
Percentile par nombre de réponses
Votre historique - résultats
Vous n’avez pas pris ce quiz